| 000 | 01908cam a2200517 4500 | ||
|---|---|---|---|
| 001 | 21848 | ||
| 003 | VRT | ||
| 005 | 20260311150753.0 | ||
| 008 | 210624s2019 xo gr 000 f slo | ||
| 015 | _aSNBA2019/11 | ||
| 020 |
_a9788082070265 _q(viazané) |
||
| 035 | _aurn:nbn:sk:snk-am00elzu | ||
| 035 | _aurn:nbn:sk:snk-am3ije3 | ||
| 035 | _a588A8DD2-2BFA-4BBF-ACDA-2AAA841C92C2 | ||
| 039 | 9 |
_a202106241220 _bVLOAD _c202102231426 _dVLOAD _c202102230841 _dVLOAD _c202001221836 _dcsnk01 |
|
| 040 |
_aPPPK _bslo _cPPPK _dSNK _erda |
||
| 041 | 1 |
_aslo _hita |
|
| 044 |
_axo _cSK |
||
| 072 | 7 |
_a821.131.1-3 _xTalianska próza _2konspekt |
|
| 080 |
_a821.131.1-31 _22011 |
||
| 100 | 1 |
_aVinci, Simona, _d1970- _4aut |
|
| 240 | 1 | 3 |
_aLa prima veritá _lSlovensky |
| 245 | 1 | 0 |
_aPrvá pravda _cSimona Vinci ; z talianskeho originálu ... preložila Ivana Dobrakovová |
| 250 | _aPrvé vydanie | ||
| 264 | 1 |
_aBratislava _bInaque _c2019 |
|
| 300 |
_a289 strán _c22 cm |
||
| 336 |
_atext _btxt _2rdacontent |
||
| 337 |
_abez média _bn _2rdamedia |
||
| 338 |
_azväzok _bnc _2rdacarrier |
||
| 490 | 1 |
_aPandora _v37. zväzok |
|
| 500 | _aVydalo vydavateľstvo Inaque v spoločnosti ARThur, s. r. o. | ||
| 500 | _aObsahuje biografické údaje o autorke a prekladateľke | ||
| 655 | 7 |
_atalianske romány _2SNKPH |
|
| 655 | 7 |
_aItalian fiction _2SNKPHeng |
|
| 700 | 1 |
_aDobrakovová, Ivana, _d1982- _4trl |
|
| 710 | 2 |
_aARThur (Bratislava, Slovensko). _bInaque _4pbl |
|
| 830 | 0 | _aPandora | |
| 910 | _asnk | ||
| 942 |
_2ddc _cKLDO _n0 |
||
| 949 |
_62889351630 _asavukPV 28826 _bsavuk2019/3529 |
||
| 949 |
_617A1391597 _asnkSC 186367 _bsnk2019/27692 _o1804/19 _s6100:20191111 |
||
| 949 |
_6270001000576301 _asvkbbA 158621-a _bsvkbbm 786943 |
||
| 949 |
_617A1391630 _asnkSC 186367 D1 _bsnk2019/27899 _o1804/19 |
||
| 949 |
_6273K0646857 _asvkpoB 107773 _bsvkpo638654 |
||
| 949 |
_6270001000575233 _asvkbbA 158621 _bsvkbbm 785949 |
||
| 999 |
_c21848 _d21848 |
||